| 000 | 00889nam a2200229 a 4500 | ||
|---|---|---|---|
| 001 | 000026800 | ||
| 005 | 20240307073947.0 | ||
| 008 | 110325s1970 dr 000 0 spa d | ||
| 040 |
_aDO-SdBNP _bspa _cBNPHU |
||
| 082 |
_a378.8 _bJ61p |
||
| 100 | 1 |
_aJimenes Grullón, Juan Isidro, _d1903-1983 _92482 |
|
| 245 | 1 | 3 |
_aLa problemática universitaria latinoamericana : _braíces, rasgos actuales y soluciones revolucionarias / _cJuan Isidro Jimenes Grullón. |
| 260 |
_aSanto Domingo : _bUASD, _c1970. |
||
| 300 |
_a113 p. ; _c24 cm. |
||
| 490 | 1 |
_aPublicaciones de la UASD _v142 |
|
| 590 | _aInventariado, 2018/ YL | ||
| 650 | 4 |
_aEducación superior _zAmérica Latina _920447 |
|
| 651 | 4 |
_aAmérica Latina _xPolítica Y Gobierno _92618 |
|
| 710 | 1 | 2 |
_aUniversidad Autónoma de Santo Domingo _972951 |
| 830 | 0 |
_aPublicaciones de la UASD _n142 _953909 |
|
| 910 | _aValidado. Control de calidad MFF | ||
| 999 |
_c26292 _d26292 |
||